Načítá se...
Atonement
| Hlavní autor: | |
|---|---|
| Médium: | Printed Book |
| Vydáno: |
London, Vintage
2002
|
| Témata: |
| LEADER | 005300000a22001930004500 | ||
|---|---|---|---|
| 020 | |a 0-099-43804-6 | ||
| 082 | |a 823 MCE/AT P2 | ||
| 100 | |a McEwan, Ian; Author | ||
| 245 | |a Atonement | ||
| 250 | |||
| 260 | |a London, Vintage | ||
| 260 | |c 2002 | ||
| 460 | |a 372 | ||
| 465 | |a 26.00 | ||
| 500 | |a Ian McEwan | ||
| 650 | |a English fiction | ||
| 942 | |c BK | ||
| 999 | |c 31204 |d 31204 | ||
| 952 | |0 0 |1 0 |4 0 |6 823_000000000000000_MCEAT_P2 |7 0 |8 ENG |9 31279 |a MGUL |b MGUL |d 2013-07-16 |e 26.00 |l 3 |o 823 MCE/AT P2 |p 31695 |r 2019-02-21 |s 2019-01-23 |w 2013-07-16 |y BK | ||